[Event "YUG-ch"]
[Site "Novi Sad"]
[Date "1995.??.??"]
[Round "?"]
[White "Popovic, Petar"]
[Black "Barlov, Dragan"]
[Result "1-0"]
[WhiteElo "2545"]
[BlackElo "2485"]
[Annotator "Baburin,A"]
[PlyCount "89"]
[EventDate "1995.02.??"]
[EventType "tourn"]
[EventRounds "17"]
[EventCountry "YUG"]
[EventCategory "10"]
[SourceTitle "CBM 049"]
[Source "ChessBase"]
[SourceDate "1995.12.01"]
[SourceVersion "1"]
[SourceVersionDate "1995.12.01"]
[SourceQuality "1"]

1. e4 c5 2. Nf3 a6 3. c3 Nf6 4. e5 Nd5 5. d4 cxd4 6. Bc4 Nb6 7. Bb3 d5 8. exd6
e6 9. cxd4 Bxd6 10. Nc3 N8d7 11. O-O Nf6 12. Re1 O-O 13. Bg5 Be7 14. Qd3 Nbd7
$2 {This move cannot be right, as Black ignores the development of his light
squared Bishop.} (14... g6) 15. Rad1 Re8 16. Qe2 Nb6 {[#]While White has
developed all his pieces, black has a long way to go. So, White's next move is
quite logical - he has to break in the centre in order to use his better
development.} 17. d5 $1 Qc7 (17... Nfxd5 $4 18. Bxe7 Qxe7 19. Bxd5 $18) (17...
exd5 18. Bxf6 gxf6 19. Nxd5 Nxd5 20. Bxd5 $40) 18. dxe6 Bxe6 19. Bxe6 Bd8 20.
Nd4 fxe6 21. Nxe6 $18 Qf7 22. g3 Nbd7 23. Nxd8 Raxd8 24. Qd3 Rxe1+ 25. Rxe1 Re8
26. Rxe8+ Qxe8 27. Qf3 b5 28. Nd5 Nxd5 29. Qxd5+ Kh8 30. Qc6 h6 31. Bf4 Qf7 32.
Qxa6 Qd5 33. Qc8+ Kh7 34. Qc2+ Kh8 35. b3 Nc5 36. g4 Nd3 37. Bg3 Kh7 38. a4 Qe4
39. h3 bxa4 40. bxa4 Qe1+ 41. Kh2 Qf1 42. a5 Kh8 43. Qc8+ Kh7 44. Qc4 Qd1 45.
Qe4+ 1-0

[Event "FRA-chT1"]
[Site "Sautron"]
[Date "2013.04.06"]
[Round "10.2"]
[White "Barbot, Pierre"]
[Black "Shirazi, Kamran"]
[Result "1/2-1/2"]
[WhiteElo "2345"]
[BlackElo "2405"]
[Annotator "Barbot,P/Primel,D"]
[PlyCount "225"]
[EventDate "2013.04.??"]
[EventType "team-match"]
[EventRounds "9"]
[EventCountry "FRA"]
[SourceTitle "EXT 2014"]
[Source "ChessBase"]
[SourceDate "2013.11.20"]
[SourceVersion "1"]
[SourceVersionDate "2013.11.20"]
[SourceQuality "1"]
[WhiteTeam "Sautron"]
[BlackTeam "Bois Colombes"]
[WhiteTeamCountry "FRA"]
[BlackTeamCountry "FRA"]
[TimeControl "6000+1825"]
[WhiteClock "0:11:12"]
[BlackClock "0:03:14"]

1. e4 c5 2. Nf3 a6 3. c3 {La ligne critique} (3. d4 cxd4 4. Nxd4 e5 $11) (3. g3
$5 Nc6 4. Bg2 e6 5. O-O d6 6. d4 {Transpose dans une Taimanov} cxd4 7. Nxd4 Qc7
8. Nc3) 3... d5 4. exd5 Qxd5 5. d4 e6 6. Be2 Nf6 7. O-O Nbd7 (7... Nc6 8. Be3
cxd4 9. Nxd4 Nxd4 10. Qxd4 e5 11. Qh4 Be7 12. Rd1 Qe6 13. Nd2 O-O 14. Ne4 Nxe4
15. Qxe4 f5 16. Qd5 Qxd5 17. Rxd5 Bf6 18. Rd6 Be7 19. Bc4+ Kh8 20. Rd2 f4 21.
Bb6 f3 22. Re1 Bg5 23. Be3 Be7 24. gxf3 Rxf3 25. Bd4 Be6 26. Bxe6 exd4 27. Bd5
Bg5 28. Rxd4 Rf6 29. Bxb7 Raf8 30. Re2 h5 31. Rd5 Rg6 32. Kf1 Rb8 33. Bxa6 {
1-0 (33) Ni Hua (2646)-Bu Xiangzhi (2677) Ningbo 2011}) 8. c4 Qd6 9. Nc3 cxd4
10. Nxd4 Qc7 11. Re1 $146 (11. a3 Bd6 12. g3 Be5 13. Be3 O-O 14. f4 Bxd4 15.
Qxd4 b6 16. Rad1 Bb7 17. Qd6 Qc6 18. Qxc6 Bxc6 19. Rd6 Rac8 20. b4 Bb5 21. cxb5
Rxc3 22. Bd4 Rxa3 23. bxa6 Rc8 24. Bf3 Kf8 {1-0 (25) Fiorito,F (2386)-Bulcourf,
C (2288) Buenos Aires 2001}) (11. Bg5 Be7 12. Rc1 O-O 13. Qd2 b6) 11... Be7 12.
Bf1 O-O 13. Nd5 Nxd5 14. cxd5 Bb4 $1 15. Re3 {[%csl Rg7,Rh7][%cal Ge3g3,Gg3h3]}
exd5 16. Nf5 (16. Rg3) 16... Ne5 17. Nxg7 $5 (17. Qd4 Bxf5 18. Rxe5) 17... Kxg7
18. Qd4 Bd6 19. Rg3+ Kh8 20. Bh6 Rg8 21. Qh4 $6 Qe7 (21... Rg6 $142) (21... Ng4
{[%csl Rg3,Rh2][%cal Gd6g3]}) 22. Bg5 Rxg5 23. Rxg5 Ng6 24. Qh5 Be6 25. g3 Rg8
26. Bd3 Rg7 27. Qh6 Qf6 28. Re1 Be7 (28... Bc5 29. Re2 Qf3 $19) 29. h4 Nxh4 $2
30. Qxf6 Bxf6 31. gxh4 Bxg5 32. hxg5 Rxg5+ 33. Kh2 Rg4 34. Rc1 h5 35. Be2 Rd4
36. Rc2 h4 37. Kg2 Kg7 38. b3 Kf6 39. Bf3 a5 40. Rc7 b6 41. Rc6 Rb4 42. Bxd5
Ke5 43. Bxe6 fxe6 44. Kf3 Kd5 45. Rc8 Kd4 46. Rc6 e5 47. Ke2 b5 48. Kf3 Kd3 49.
Rc5 e4+ 50. Kg2 e3 51. fxe3 Kxe3 52. Kh3 a4 53. bxa4 bxa4 54. Rd5 Rd4 55. Rf5
Kd2 56. Rf2+ Kc1 57. a3 Kb1 58. Rg2 Rf4 59. Re2 Rf3+ 60. Kxh4 Rxa3 61. Re4 Kc2
62. Rf4 Ra1 63. Kg3 a3 64. Rf2+ Kc3 65. Rf3+ Kb4 66. Rf4+ Kc5 67. Rf5+ Kd4 68.
Rf4+ Ke5 69. Ra4 Kd5 70. Kf2 Kc5 71. Ra8 Kb4 72. Rb8+ Kc4 73. Rc8+ Kb3 74. Rb8+
Ka2 75. Ke2 Rb1 76. Rc8 Rb4 $4 (76... Kb2 $1 77. Rb8+ Ka1 78. Ra8 a2 79. Kd2
Kb2 80. Rb8+ Ka3 81. Ra8+ Kb3 82. Rb8+ Kc4 {[%cal Gc4b5,Gb5c6,Gc6b7]}) 77. Kd2
Kb2 78. Rc2+ Kb3 79. Rc3+ Ka4 80. Rc2 Rh4 81. Kc3 Rh3+ 82. Kc4 Rh8 83. Kc3 Rh1
84. Rg2 Rc1+ 85. Rc2 Rb1 86. Rg2 Rb3+ 87. Kc4 Rb8 88. Rc2 Rb2 89. Kc3 Rb3+ 90.
Kc4 Rg3 91. Rh2 Rg1 92. Kc3 Rc1+ 93. Rc2 Rf1 94. Rg2 Rc1+ 95. Rc2 Rb1 96. Rg2
Rb3+ 97. Kc4 Rb2 98. Rg8 Rc2+ 99. Kd3 Rc5 100. Ra8+ Kb3 101. Rb8+ Ka2 102. Kd2
Ka1 103. Rb7 Rh5 104. Kc2 Rh2+ 105. Kc1 Rb2 106. Ra7 Ka2 107. Ra8 Rb4 108. Kc2
Rb2+ 109. Kc1 Rb6 110. Kc2 Rb5 111. Ra7 Rc5+ 112. Kd2 Rd5+ 113. Ke2 {
[WhiteClock "0:11:12"] [BlackClock "0:03:14"]} 1/2-1/2

[Event "URS-ch56"]
[Site "Odessa"]
[Date "1989.??.??"]
[Round "?"]
[White "Dvoirys, Semen I"]
[Black "Dolmatov, Sergey"]
[Result "1-0"]
[WhiteElo "2520"]
[BlackElo "2615"]
[Annotator "Belov,I"]
[PlyCount "55"]
[EventDate "1989.09.??"]
[EventType "tourn"]
[EventRounds "15"]
[EventCountry "URS"]
[EventCategory "13"]
[SourceTitle "URS-ch"]
[Source "ChessBase"]
[SourceDate "1999.07.01"]
[SourceVersion "1"]
[SourceVersionDate "1999.07.01"]
[SourceQuality "1"]

1. e4 e6 2. d4 d5 3. Nd2 a6 4. e5 $5 c5 (4... Bd7 5. c4 dxc4 6. Bxc4 Bb5 7. Ne2
Nc6 $1 8. Qb3 Bxc4 9. Nxc4 Bb4+ $15 {Dvoirjs,S-Dreev,A/Odessa(URS-ch)/1989/0,5
(29)}) 5. c3 Nc6 6. Ndf3 Nge7 (6... Bd7 $5) 7. Bd3 cxd4 8. cxd4 Nf5 9. Ne2 Be7
10. O-O Qb6 11. a3 $14 Bd7 (11... a5 $5) 12. Bc2 Rc8 13. b4 a5 14. bxa5 Nxa5
15. Bxf5 exf5 16. Nf4 Qc6 (16... Be6 17. Qa4+ Nc6 18. Nxe6 fxe6 19. Bg5 O-O 20.
Bxe7 Nxe7 21. Rab1 $16) 17. e6 $1 $16 (17. Bd2 Nc4 18. Bb4 Bxb4 19. axb4 O-O
$10) 17... Bxe6 18. Ne5 Qa6 (18... Qc3 19. Nxe6 fxe6 20. Bg5 $16) (18... Qc2
19. Nxe6 Qxd1 20. Nxg7+ Kf8 21. Rxd1 Kxg7 22. Rd3 $16) 19. Nxe6 Qxe6 20. Bd2 $1
Qa6 21. Bb4 $1 (21. Qa4+ Nc6 22. Qxa6 bxa6 23. Rfc1 Na7) 21... Nc6 22. Nxc6
Rxc6 23. Re1 Re6 24. Rc1 $1 Kd7 $2 (24... Rxe1+ 25. Qxe1 Qe6 26. Qf1 $1 (26.
Qxe6 fxe6 27. Rc7 Bxb4 28. Rc8+ Kf7 29. Rxh8 Bxa3 30. Rb8 Kf6 31. Rxb7 $14)
26... Bxb4 27. Qb5+ Ke7 28. Qxb7+ Kf6 29. axb4 $16) 25. Rxe6 fxe6 26. Bxe7 Kxe7
27. Rc7+ Kd8 (27... Kd6 28. Qc1 $18) (27... Kf6 28. Qh5 g6 29. Qh4+ $18) 28.
Qc1 1-0

[Event "Lisbon zt"]
[Site "Lisbon"]
[Date "1993.??.??"]
[Round "2"]
[White "Godena, Michele"]
[Black "Galego, Luis"]
[Result "1-0"]
[WhiteElo "2485"]
[BlackElo "2390"]
[Annotator "Blatny,P"]
[PlyCount "67"]
[EventDate "1993.03.??"]
[EventType "tourn"]
[EventRounds "11"]
[EventCountry "POR"]
[EventCategory "7"]
[SourceTitle "CBM 035"]
[Source "ChessBase"]
[SourceDate "1993.08.01"]
[SourceVersion "1"]
[SourceVersionDate "1993.08.01"]
[SourceQuality "1"]

1. e4 c5 2. Nf3 e6 3. c3 d5 4. exd5 Qxd5 5. d4 a6 $6 {--> 1.e4 c5 2.Nf3 a6 3.
c3 d5 4.ed Qd5 5.d4 e6} 6. Be3 Nf6 (6... cxd4 7. cxd4 {IP structure} (7. Nxd4
$14)) 7. Bd3 (7. dxc5 $5 Qxd1+ 8. Kxd1 Ng4 9. Bd4 Nc6 $44) 7... Nc6 8. O-O Be7
(8... cxd4 9. cxd4 Be7 10. Nc3 $36) 9. dxc5 Ng4 (9... Bxc5 $10) 10. Bc1 (10. b4
Bf6 11. a3 Nxe3 12. fxe3 Ne5 13. Nxe5 Qxe5 14. Rf3 Bd7 $44) 10... Bxc5 11. Qe2
(11. Bf4 e5 12. Qe2 $132) 11... Bd7 (11... Nce5 12. Nxe5 Nxe5 13. Bc2 $14 (13.
Be4 Qc4 $10)) 12. Nbd2 Ba7 (12... Rd8 13. Be4 Qd6 14. Nc4 Qc7 15. Bg5 $36) 13.
Nc4 b5 14. Ne3 Nxe3 15. Bxe3 Qh5 (15... Bxe3 16. Qxe3 Rd8 17. a4 $14 (17. Be4
$5 {/\Rfd1,Qb6->})) 16. Rfd1 (16. Bxa7 $5) 16... Bb8 (16... Bxe3 17. Qxe3 $16 {
׫P}) 17. h3 Ne7 (17... O-O $2 18. Bxb5 $18) 18. Be4 $14 Bc6 19. Bg5 Bxe4 20.
Qxe4 Ra7 21. Bxe7 (21. a4 $142) 21... Kxe7 22. Nd4 Rc8 $2 (22... Kf6 $142) 23.
Nc6+ $18 Rxc6 24. Qxc6 Qe5 25. g3 h5 26. Qc8 Bd6 27. Rd4 Rc7 28. Qa8 h4 29.
Rad1 Rd7 30. Rxh4 Qe2 31. Rhd4 e5 (31... Qe5 32. Qxa6 $18) 32. Rxd6 $1 Rxd6 33.
Qb7+ Ke6 34. Qc8+ (34. Qc8+ Ke7 35. Qc7+ $18) 1-0

[Event "Rimavska Sobota"]
[Site "Rimavska Sobota"]
[Date "1991.??.??"]
[Round "4"]
[White "Plachetka, Jan"]
[Black "Csom, Istvan"]
[Result "1/2-1/2"]
[WhiteElo "2425"]
[BlackElo "2480"]
[Annotator "Blatny,P"]
[PlyCount "65"]
[EventDate "1991.05.??"]
[EventType "tourn"]
[EventRounds "13"]
[EventCountry "CSR"]
[EventCategory "9"]
[SourceTitle "CBM 024"]
[Source "ChessBase"]
[SourceDate "1991.10.01"]
[SourceVersion "1"]
[SourceVersionDate "1991.10.01"]
[SourceQuality "1"]

1. e4 c5 2. Nf3 a6 3. g3 (3. d4 cxd4 4. Nxd4 Nf6 5. Nc3 e5 6. Nf3 Bb4 7. Bc4 (
7. Nxe5 O-O 8. Bd3 d5 $36) 7... Qc7 8. Qd3 b5 9. Bb3 Bb7 $13) (3. c3 $142 {
1.e4 c5 2.c3 ... 3.Nf3 a6} d6 (3... d5 4. exd5 Qxd5 5. d4 Nf6 6. Be2 e6 7. O-O
Nc6 8. Be3 $14) (3... Nf6 4. e5 Nd5 5. d4 cxd4 6. Bc4 $14 {--> ChessBase:
Blatny: Sicilian 2.c3 diskette}) 4. d4 Nd7 5. Bd3 {[+]}) (3. c4 Nc6 4. d4 cxd4
5. Nxd4 Nf6 6. Nc3 e5 7. Nf5 d5 8. cxd5 Bxf5 9. exf5 Nd4 10. Bd3 Nxd5 11. O-O
Bb4 12. Be4 $1 Nxc3 13. bxc3 Bxc3 14. Rb1 O-O 15. Rxb7 $16 {Sokolov}) 3... b6
4. Bg2 Bb7 5. Nc3 e6 6. O-O d6 7. d4 cxd4 8. Nxd4 Nf6 9. Re1 Qc7 10. f4 Be7 11.
Be3 Nc6 12. f5 Nxd4 13. Qxd4 b5 14. fxe6 fxe6 15. Bh3 {+/=} Bc8 16. Qd3 O-O 17.
a4 b4 18. Ne2 e5 19. Bxc8 Rfxc8 20. c3 Qc4 $1 21. Rad1 Qxd3 22. Rxd3 Nxe4 23.
cxb4 $13 Rcb8 24. Nc3 Rxb4 25. Nd5 Rb7 26. Rc1 Bf8 27. b4 Rab8 28. Rc6 Nf6 29.
Nb6 d5 30. Nxd5 Nxd5 31. Rxd5 Rxb4 32. Rxa6 $10 Re4 33. Bb6 1/2-1/2

[Event "Seville op"]
[Site "Seville"]
[Date "1992.??.??"]
[Round "5"]
[White "Illescas Cordoba, Miguel"]
[Black "Bellon Lopez, Juan Manuel"]
[Result "1-0"]
[WhiteElo "2555"]
[BlackElo "2435"]
[Annotator "Blatny,P"]
[PlyCount "49"]
[EventDate "1992.??.??"]
[EventType "swiss"]
[EventRounds "9"]
[EventCountry "ESP"]
[SourceTitle "CBM 029"]
[Source "ChessBase"]
[SourceDate "1992.08.01"]
[SourceVersion "1"]
[SourceVersionDate "1992.08.01"]
[SourceQuality "1"]

1. Nf3 {Bulletin} c5 2. e4 Nc6 3. Nc3 a6 4. d4 cxd4 5. Nxd4 e5 (5... e6 $142 {
--> B46, Simic-Mlacnik}) 6. Nf5 $5 (6. Nxc6 bxc6 7. Bc4 Bb4 8. Bd2 Nf6 9. Qf3
$14) 6... d6 7. Bc4 (7. Ne3) 7... Bxf5 (7... g6 8. Ne3 Nf6 9. Ned5 {/\Be3+/-})
8. exf5 Nf6 9. O-O Rc8 10. Nd5 Nd4 (10... Nxd5 11. Qxd5 Qd7 12. c3 $1 {/\f4->})
11. Nxf6+ Qxf6 12. Bd5 Rc7 (12... Nxc2 13. Bxb7 Rc7 14. Rb1 Qxf5 15. Bxa6 $18 {
Pa+b,^^,עe8}) (12... Rxc2 13. Bxb7 a5 14. Be3 Rxb2 15. Qa4+ Ke7 $8 16. Bd5 $18
{עe7,Bf8,Rh8}) 13. Be3 Be7 (13... Nxc2 {Bulletin} 14. Bb6) 14. c3 Nc6 (14...
Nxf5 15. Qa4+ Kf8 16. Bb6 $18) 15. Qg4 g6 16. fxg6 hxg6 17. f4 $1 Qh4 18. Qxh4
Bxh4 19. g3 Bf6 20. Bb6 Rd7 21. Rad1 O-O 22. f5 Ne7 (22... g5 $8 {+/-}) 23. Be6
$3 Nc8 (23... fxe6 24. fxe6 {צd7}) (23... Rdd8 24. Bxd8 Rxd8 25. fxg6 fxe6 26.
Rxf6) 24. Bxd7 Nxb6 25. fxg6 (25. fxg6 Nxd7 26. Rxd6 $18) 1-0

[Event "Interpolis"]
[Site "Tilburg"]
[Date "1992.10.08"]
[Round "1.1"]
[White "Nijboer, Friso"]
[Black "Kurajica, Bojan"]
[Result "1-0"]
[WhiteElo "2485"]
[BlackElo "2590"]
[Annotator "Blatny,P"]
[PlyCount "75"]
[EventDate "1992.10.08"]
[EventType "k.o."]
[EventRounds "7"]
[EventCountry "NED"]
[SourceTitle "CBM 032"]
[Source "ChessBase"]
[SourceDate "1993.02.01"]
[SourceVersion "1"]
[SourceVersionDate "1993.02.01"]
[SourceQuality "1"]

1. e4 c5 2. Nf3 a6 3. c3 d5 (3... d6 $142 {/\4...g6,Nc6,Bg7,Qc7}) 4. exd5 Qxd5
5. d4 e6 6. Bd3 Nf6 (6... c4 7. Bc2 b5 8. Nbd2 Bb7 9. a4 $16) 7. O-O Be7 8.
Nbd2 cxd4 9. Nc4 Qd8 (9... dxc3 10. Nb6 cxb2 11. Bxb2 Qc6 12. Nxa8 b5 13. Rc1
$18) 10. cxd4 {/\><e5} (10. Nxd4 {+/= << 3P:2P}) 10... O-O 11. Nce5 b5 (11...
Bd7 {/\Nc6}) 12. a4 {׫P} b4 13. a5 Bb7 14. Bg5 Nbd7 15. Qe2 h6 (15... Nd5 $5 {
קd4 --> _|_}) 16. Bd2 Ra7 17. Rfe1 Kh8 18. Ra4 (18. Nxf7+ $2 Rxf7 19. Qxe6 Bd5
$19) 18... Nd5 19. Nxd7 (19. Qe4 N7f6 (19... f5 20. Ng6+ Kg8 (20... Kh7 21.
Nxf8+ $18) 21. Qxe6+ $18) 20. Qh4 {/\Bh6} Ng8 $13) 19... Qxd7 20. Raa1 {/\Qe4}
(20. b3 {><c3}) 20... Nf6 21. Be3 {/\Ne5} Raa8 22. Ne5 Qd5 23. f3 Qd8 24. Rec1
{><c5,c6} Nd5 25. Bd2 (25. Bf2 Bg5 {/^c1-h6, <->c}) 25... Bg5 26. Rc4 Rb8 27.
Be4 (27. Bxb4 $6 Be3+ 28. Kh1 Nxb4 29. Qxe3 Bd5 30. Rc3 Rb7 $14) 27... Be7 {
קb4} 28. Kh1 Rc8 29. Rxc8 Qxc8 30. Bd3 (30. Rc1 Qd8 31. Nc6 $2 Bxc6 32. Rxc6
Qxa5 33. Rxa6 Qc7 $10) 30... Nf6 31. Qe1 Nd5 32. Rc1 Qa8 33. Qe4 Nf6 34. Qh4
Kg8 (34... Ng8 35. Qh5 $40) 35. Bxh6 $1 gxh6 36. Qxh6 Rc8 37. Rxc8+ Qxc8 38.
Ng4 {Time} (38. Ng4 Qc7 $8 39. h4 $1 {/\Nxf6+-}) 1-0

[Event "BUL-ch"]
[Site "Sofia"]
[Date "1996.??.??"]
[Round "5"]
[White "Spasov, Vasil"]
[Black "Delchev, Aleksander"]
[Result "1-0"]
[WhiteElo "2575"]
[BlackElo "2510"]
[Annotator "Bulletin"]
[PlyCount "99"]
[EventDate "1996.??.??"]
[EventType "k.o."]
[EventRounds "5"]
[EventCountry "BUL"]
[SourceTitle "EXT 1999"]
[Source "ChessBase"]
[SourceDate "1998.11.16"]
[SourceVersion "1"]
[SourceVersionDate "1998.11.16"]
[SourceQuality "1"]

1. e4 c5 2. Nf3 a6 3. c3 d5 (3... e6 $145 {-0.25 (7/21): (00:00:08)} 4. Qa4 Nf6
5. e5 Nd5 6. d4 cxd4 7. cxd4 Bb4+ 8. Nbd2) 4. exd5 Qxd5 5. d4 Nf6 (5... Nc6
$145 {-0.06 (6/18): (00:00:08)} 6. dxc5 Qxd1+ 7. Kxd1 e5 8. Be3 f5) 6. Be2 (6.
Be3 $145 {0.34 (7/22): (00:00:18)} cxd4 7. Bxd4 Bf5 8. Nbd2 Ne4) 6... e6 (6...
cxd4 $145 {-0.25 (7/21): (00:00:13)} 7. cxd4 Nc6 8. Nc3 Qa5 9. O-O Bg4 10. Bf4)
7. O-O (7. Be3 $145 {0.31 (7/19): (00:00:09)} b6 8. O-O Bd6 9. c4 Qc6 10. Re1)
7... Be7 (7... cxd4 $145 {-0.31 (7/20): (00:00:09)} 8. Nxd4 Bd6 9. c4 Qe4 10.
b3 e5 11. Nf3) 8. c4 (8. dxc5 $145 {0.38 (7/19): (00:00:10)} Qxc5 9. Be3 Qc7
10. Qa4+ Bd7 11. Qb3 O-O 12. Rd1) 8... Qd8 (8... Qd7 $145 {-0.38 (7/16): (00:
00:05)} 9. dxc5 Bxc5 10. b3 O-O 11. Ne5 Qd4 12. Qxd4 Bxd4) 9. dxc5 Qxd1 (9...
O-O $145 {-0.56 (8/23): (00:00:22)}) 10. Rxd1 Ne4 (10... Bxc5 $145 {-0.56 (9/
20): (00:00:17)} 11. b3 Ng4 12. Rf1 O-O 13. Ba3 Bxa3 14. Nxa3 Rd8 15. Rfd1) 11.
Be3 Nc6 (11... Nxc5 $145 {-0.88 (10/21): (00:00:40)} 12. Nc3 Nc6 13. Rd2 Bd7
14. b3 Bf6 15. Rc1 b6 16. Bxc5) 12. Nc3 (12. Nd4 $145 {0.97 (9/22): (00:00:40)}
Bd7 13. Nxc6 Bxc6 14. b4 Ba4 15. Rd3 Bc2 16. Rd4 O-O) 12... Nxc5 (12... Nxc3
$145 {-0.38 (10/25): (00:00:40)} 13. bxc3 e5 14. Rd5 f6 15. Rad1 O-O 16. R5d2
Rd8 17. Rxd8+) 13. Rab1 (13. Rd2 $145 {0.69 (9/22): (00:01:14)} Bd7 14. Rad1
O-O-O 15. Ng5 Ne5 16. b4 Na4 17. Rxd7 Rxd7) 13... O-O 14. b4 (14. Rd2 $145 {
0.50 (9/24): (00:00:28)} Nd7 15. Rbd1 Rd8 16. Bf4 Nc5 17. Rxd8+ Bxd8 18. b4 Bf6
) 14... Nd7 15. a3 (15. c5 $145 {0.22 (9/22): (00:00:27)} Rd8 16. Bg5 Bxg5 17.
Nxg5 h6 18. Nf3 e5 19. Bc4 a5) 15... Nf6 (15... Rd8 $145 {-0.28 (9/24): (00:00:
26)} 16. Rd2 Nde5 17. Nxe5 Nxe5) 16. Ng5 (16. Rd2 $145 {0.41 (8/21): (00:00:26)
}) 16... e5 (16... a5 $145 {-0.25 (9/25): (00:01:09)} 17. b5 Ne5 18. Ra1 Neg4
19. Bb6 Nd7 20. Bxg4 Nxb6) 17. f3 (17. Nf3 $145 {0.44 (9/24): (00:01:26)})
17... Bf5 (17... a5 $145 {-0.06 (8/24): (00:00:48)} 18. b5 Nd4 19. Bxd4 exd4
20. Nce4 Nxe4 21. Nxe4 f5 22. Ng3) 18. Bd3 Bxd3 19. Rxd3 Rfd8 (19... Rad8 $145
{-0.09 (7/21): (00:00:21)} 20. Rbd1 h6 21. Nge4 Nxe4 22. fxe4 Rxd3 23. Rxd3 Rd8
24. Rxd8+) 20. Rbd1 Rxd3 21. Rxd3 Rd8 (21... a5 $145 {-0.19 (8/24): (00:01:18)}
22. Nd5 axb4 23. Nxe7+ Nxe7 24. axb4 Nc6 25. b5 Ra1+ 26. Kf2) 22. Rxd8+ Bxd8
23. Kf2 (23. Nge4 $145 {0.19 (8/18): (00:00:20)} Nxe4 24. fxe4 Nd4 25. Nd5 Nc2
26. Bc1 Nd4 27. Kf2) 23... h6 (23... Ne8 $145 {0.03 (9/21): (00:02:03)}) 24.
Nge4 Nxe4+ (24... Ne8 $145 {-0.09 (8/19): (00:00:30)} 25. Ke2 f5 26. Nc5 Nd6
27. Kd3 Be7 28. Nd5) 25. Nxe4 Be7 26. g4 (26. c5 $145 {0.13 (9/19): (00:00:32)}
f6 27. Nd6 Nd8 28. h3 Kh7 29. g3 Kg6 30. Ke2) 26... Kf8 (26... a5 $145 {
0.09 (8/18): (00:00:21)} 27. b5 Nd4 28. Bxd4 exd4 29. c5 Bh4+ 30. Ke2 Be7 31.
f4) 27. Ke2 (27. Nc5 $145 {0.09 (9/21): (00:00:41)} Bxc5 28. Bxc5+ Ke8 29. Ke3
f6 30. Ke4 g6 31. Be3 g5) 27... Ke8 (27... f6 $145 {0.00 (8/19): (00:00:35)}
28. c5 Ke8 29. Nd6+ Bxd6 30. cxd6 Nd4+ 31. Bxd4 exd4 32. f4) 28. Kd3 (28. Ng3
$145 {0.06 (8/19): (00:00:17)} Kd7 29. Kd3 a5 30. Nf5 axb4 31. Nxe7 Kxe7 32.
Bc5+ Ke6) 28... Kd7 (28... f6 $145 {0.00 (9/21): (00:00:33)} 29. Nc5 Bxc5 30.
Bxc5 Nd8 31. h3 Ne6 32. Be3 Ke7 33. Ke4) 29. Nc5+ (29. b5 $145 {0.06 (8/20): 
(00:00:27)} axb5 30. cxb5 Nb8 31. f4 Ke6 32. fxe5 Bxa3 33. Bc5) 29... Bxc5 30.
Bxc5 g6 (30... Nd8 $145 {-0.13 (10/19): (00:00:29)} 31. Ke4 f6 32. Kd5 Ne6 33.
Be3 Nc7+ 34. Ke4 Ne6 35. h3) 31. b5 (31. Bf8 $145 {0.25 (10/21): (00:00:49)} h5
32. g5 Nb8 33. Ke4 Ke6 34. Bg7 Nd7 35. f4 exf4) 31... Nd8 (31... Ne7 $145 {
-0.19 (10/21): (00:01:31)}) 32. Be3 (32. bxa6 $145 {0.16 (10/20): (00:00:28)}
bxa6 33. Be3 g5 34. Ke4 Ke6 35. c5 Nc6 36. Bf2 f6) 32... h5 (32... axb5 $145 {
-0.22 (11/22): (00:00:48)} 33. cxb5 g5 34. a4 Ne6 35. Kc4 Nc7 36. Bb6 Ne8 37.
a5) 33. g5 (33. bxa6 $145 {0.28 (10/22): (00:00:37)} bxa6 34. g5 Kd6 35. f4 Ne6
36. fxe5+ Kxe5 37. h4 Nf4+) 33... Ne6 (33... axb5 $145 {-0.19 (11/22): (00:00:
41)} 34. cxb5 Ne6 35. a4 Nc7 36. f4 exf4 37. Bxf4 Ne6 38. Be3) 34. Ke4 $6 (34.
bxa6 $142 {1.47 (12/23): (00:02:16)} bxa6 35. Ke4 Kd6 36. c5+ Kc6 37. Kxe5 Nc7
38. h3 Nb5) 34... axb5 35. cxb5 (35. c5 $145 {0.38 (11/22): (00:00:44)} Nd8 36.
Kxe5 Nc6+ 37. Kf6 Ke8 38. Bf2 b4 39. axb4 Nxb4) 35... Nc7 36. b6 Nb5 37. a4
Nd6+ 38. Kd5 Nf5 39. Bf2 Nd4 40. Bxd4 exd4 41. Kxd4 Kc6 42. Ke5 Kxb6 43. Kf6
Ka5 44. Kxf7 Kxa4 45. Kxg6 b5 46. Kxh5 b4 47. g6 b3 48. g7 b2 49. g8=Q b1=Q 50.
Qa8+ 1-0

[Event "Moscow Petrosian Memorial"]
[Site "Moscow"]
[Date "2014.11.04"]
[Round "1"]
[White "Leko, Peter"]
[Black "Morozevich, Alexander"]
[Result "1/2-1/2"]
[WhiteElo "2731"]
[BlackElo "2724"]
[Annotator "CB"]
[PlyCount "77"]
[EventDate "2014.11.04"]
[EventType "tourn"]
[EventRounds "7"]
[EventCountry "RUS"]
[EventCategory "20"]
[SourceTitle "CBM 164"]
[Source "ChessBase"]
[SourceDate "2015.01.15"]
[SourceVersion "1"]
[SourceVersionDate "2015.01.15"]
[SourceQuality "1"]

1. e4 c5 2. Nf3 a6 {Morozevich changing it up. This move isn't terrible, but
it's hard to justify.} 3. c3 (3. d4 $2 {is a known trap.} cxd4 4. Nxd4 Nf6 5.
Nc3 e5 $1 {and now White can't go to f5 or b5.} 6. Nf5 $6 d5 $15) 3... d5 4.
exd5 Qxd5 5. d4 Nf6 6. Be2 {White is playing a normal c3 Sicilian, but Black
doesn't always want to play a6.} (6. Be3 {scores well.}) 6... e6 7. O-O cxd4 8.
cxd4 Nc6 9. Nc3 Qd6 10. Be3 Be7 11. Nd2 Nd5 (11... Nb4 12. Nc4 Qd8 {is an old
game between Gufeld-Taimanov, 1963.}) 12. Nde4 Qd8 13. Nxd5 exd5 14. Nc5 {
White has the better side of this symmetrical pawn structure as he is better
developed.} O-O 15. Rc1 f5 $5 {Mixing it up! This will cause long-term
weaknesses but the immediate activity might be uncomfortable to deal with for
White.} 16. Nd3 (16. g3 f4 17. Bxf4 Rxf4 18. gxf4 Bd6 $13) 16... Bd6 17. f4 $6
{It wasn't necessary to play the same game.} (17. Bf3 f4 18. Bd2 {kind of
asking Black "so what".} Be6 (18... Nxd4 19. Bxd5+ Kh8 20. Rc4 $1 {Is "the
point" as Black cannot save his f4 pawn.} Ne6 21. Qh5 {and White's clearly
controlling the board.}) 19. Bc3 Qf6 20. Re1 $14 {White's knight is going to
e5 and he has good pressure on d5.}) 17... Qb6 18. Kh1 Be6 19. Qd2 Rfe8 20. Ne5
Rac8 21. a3 a5 22. Bd1 Nxe5 23. dxe5 (23. fxe5 $14) 23... Bc5 24. Rxc5 Rxc5 25.
Bxc5 Qxc5 26. Bf3 {White still retains an edge in this endgame with the passed
pawn and pressure on d5, but with only one weakness to protect Morozevich's
defenseive task is not the hardest.} Rc8 27. Rd1 Kf8 28. h3 b6 29. Kh2 h6 30.
Kg3 Qb5 31. Kh2 Qc5 32. h4 Rc7 33. h5 Rc8 34. Kg3 Qb5 35. Kh2 Qc4 36. Qe3 Qb5
37. Qd2 Qc4 38. Qe3 Qb5 39. Qd2 1/2-1/2